Prénoms : Citation lettre à lettre - Statistiques

Statistiques générales
  • Ce quiz a été pris 61 fois
  • Le résultat moyen est 33 sur 72
Statistiques - réponses
Lettre Indice Réponse % Correct
M Ecrivain - Lévy Marc
98%
F Présidents - Hollande François
96%
M Vierge - Prénom le plus commun Marie
96%
C Général - 18 juin Charles
90%
L Peintre - Joconde Léonard
90%
S Chanteur - Lama Serge
90%
G BD - Gaffeur Gaston
88%
D Roi - Culotte Dagobert
86%
R Chanteur - Mistral Renaud
86%
A Héroïne - Poulain Amélie
84%
E Reine - II Elisabeth
84%
L Politique - Jospin Lionel
84%
N Président - Neuilly Nicolas
80%
S Rugby - Chabal Sébastien
80%
E Journaliste - Lucet Elise
76%
M Enchanteur - Légende Merlin
75%
R Roman - Sans famille Rémi
75%
U Grand voyageur - Homère Ulysse
75%
A Bordeaux - Maire Alain
71%
D Chanteur - Guichard Daniel
65%
E Président - Amiens Emmanuel
65%
L Chevalier - du lac Lancelot
63%
N Constructeur naval - Bible Noé
63%
D Déesse - Chasse Diane
61%
N Chanteuse - Croisille Nicole
59%
A Auteure - Policiers Agatha
53%
A Comédienne - Sapritch Alice
53%
A Souveraine - Aquitaine Aliénor
53%
R Italie - Rome Romain
53%
R Actrice - Bohringer Romane
53%
T Sainte - Lisieux Thérèse
53%
U Actrice - Andress Ursula
51%
S Héroïne - Ségur Sophie
49%
U Pas rural - Papes Urbain
49%
I Miss - Nord Iris
47%
C Grimaldi - Princesse Caroline
45%
O Arbre - Provence Olivier
45%
R Cyrano - Amour Roxane
41%
I Non coupable - Papes Innocent
39%
N Guide - Bécaud Nathalie
39%
A Réalisateur - Gance Abel
37%
N Personnalité mondaine - Rothschild Nadine
35%
T Aviateur - Laverdure Tanguy
35%
A Styliste - B Agnès
31%
V Chanson - Petons Valentine
31%
Q Biathlon - Champion Quentin
29%
O Actrice - Joyeux Odette
27%
H Amante - Abélard Héloïse
25%
M Théâtre - Pagnol Marius
25%
E Goncourt - un des frères Edmond
24%
E Roman - Education Emile
24%
E Hallyday - Etoile Estelle
24%
I Chimiste et physicienne - Nobel Irène
24%
O Alsace - Ste patronne Odile
24%
P Chevalier - Gallois Perceval
24%
E Mathématicien - Duel Evariste
20%
P Bonaparte - Soeur de Napoléon Pauline
18%
E Impératrice - Espagnole Eugènie
16%
M Incorruptible - 1794 Maximilien
16%
R Actrice - Saint-Cyr Renée
14%
A Romain - Héros de BD Alix
12%
A Actrice - Fleur Anémone
12%
P Brodeuse - Fait et refait Pénélope
10%
Z Comics - Arthur Zoé
10%
E Roman - Fleur sauvage Eglantine
6%
L Province - 1870 Lorraine
6%
Citation Avant de choisir le prénom d'un garçon pensez à la femme qui aura à le murmurer plus tard
4%
R Autriche - Héritier Rodolphe
4%
R Chanteur - Sampa Gotainer
0%
U Ecrivain amputé - Patronyme Ugo
0%
U Evêque - Bourges Ursin
0%
U Archevêque - Tours Ursmar
0%
Aucun quiz correspondant
Distribution des résultats
% des personnes avec chaque résultat
Percentile par nombre de réponses
Votre historique - résultats
Vous n’avez pas pris ce quiz